Mohammed V International Airport Destinations (Casablanca, Morocco) - Statistics

General Stats
  • This quiz has been taken 171 times
    87 since last reset
  • The average score is 68 of 104
Answer Stats
Airline Destination % Correct
Etihad Airways Abu Dhabi
96%
Air France/Royal Air Maroc Paris (Charles de Gaulle)
96%
Air France/Royal Air Maroc/Transavia/TUI fly Belgium Paris (Orly)
96%
Royal Air Maroc/Transavia Amsterdam
94%
Air Arabia/Royal Air Maroc/TUI fly Belgium Brussels
94%
Egyptair/Royal Air Maroc Cairo
94%
Air Arabia/Iberia/Royal Air Maroc Madrid
94%
Emirates/Royal Air Maroc Dubai (International)
92%
Royal Air Maroc/Turkish Airlines Istanbul
91%
Air Arabia/Pegasus Airlines Istanbul (Sabiha Gökçen)
91%
Royal Air Maroc/TAP Air Portugal Lisbon
91%
Royal Air Maroc/Shanghai Airlines/Transavia Marseille
91%
Royal Air Maroc/Saudia Riyadh
91%
Air Arabia/Royal Air Maroc/Vueling Barcelona
89%
Air Arabia/Royal Air Maroc/Tunisair Tunis
89%
Air Senegal/Royal Air Maroc Dakar (Diass)
87%
Qatar Airways/Royal Air Maroc Doha
87%
flynas/Royal Air Maroc/Saudia Jeddah
87%
Kuwait Airways Kuwait City
87%
Air Cote d'Ivoire/Royal Air Maroc Abidjan
85%
Air Arabia/Royal Air Maroc Bordeaux
85%
Royal Air Maroc/Royal Air Maroc Express Marrakesh
85%
Royal Air Maroc New York (JFK)
85%
Lufthansa/Royal Air Maroc Frankfurt
83%
Royal Air Maroc London (Gatwick)
83%
Royal Air Maroc London (Heathrow)
83%
Royal Air Maroc London (Stansted)
83%
Royal Air Maroc Milan (Malpensa)
83%
Royal Air Maroc Nice
83%
Royal Air Maroc Rome (Fiumicino)
83%
Royal Air Maroc Express Tangier
83%
Air Cairo Alexandria
81%
Air Arabia/Royal Air Maroc Express Málaga
81%
Air Canada/Royal Air Maroc Montréal (Trudeau)
81%
Royal Air Maroc Express Fès
77%
Royal Air Maroc Lagos
77%
Air Arabia/Royal Air Maroc/Transavia Lyon
77%
Royal Air Maroc Porto
77%
Royal Air Maroc/Royal Air Maroc Express Agadir
75%
Royal Air Maroc Abuja
74%
Royal Air Maroc Manchester
74%
Royal Air Maroc/Saudia Medina
74%
Gulf Air Bahrain
72%
TUI fly Belgium Lille
72%
Air Arabia/Royal Air Maroc Naples
72%
Mauritania Airlines/Royal Air Maroc Nouakchott
72%
Shanghai Airlines Shanghai (Pudong)
72%
Royal Air Maroc Toronto (Pearson)
72%
Air Arabia/Royal Air Maroc Toulouse
72%
Turkish Airlines Antalya
70%
Royal Air Maroc Accra
68%
Eurowings Düsseldorf
68%
Air Arabia/Royal Air Maroc Geneva
66%
Royal Air Maroc Kinshasa (N'djili)
66%
Royal Air Maroc/Transavia Nantes
66%
Binter Canarias/Royal Air Maroc Express Gran Canaria
64%
Air Arabia/Royal Air Maroc Seville
64%
Air Arabia/Royal Air Maroc Venice
64%
Royal Air Maroc Beijing (Daxing)
62%
Royal Air Maroc Miami
62%
Air Arabia/Royal Air Maroc Montpellier
62%
Royal Air Maroc Express Valencia
62%
Royal Air Maroc/Royal Air Maroc Express Oujda
60%
Air Cairo/Alexandria Airlines Sharm El Sheikh
58%
Royal Air Maroc Bamako
57%
Royal Air Maroc Lomé
57%
Royal Air Maroc Niamey
57%
Royal Air Maroc Ouagadougou
57%
Royal Air Maroc Washington (Dulles)
57%
Royal Air Maroc Freetown
55%
Royal Air Maroc Luanda
55%
Royal Air Maroc Express Nador
55%
Royal Air Maroc Banjul
53%
Royal Air Maroc Brazzaville
53%
TUI fly Belgium Liège
53%
Royal Air Maroc Turin
53%
Royal Air Maroc Conakry
49%
Royal Air Maroc Moscow (Sheremetyevo)
49%
Air Arabia/Royal Air Maroc/TUI fly Belgium Bologna
47%
Royal Air Maroc Dakhla
47%
Royal Air Maroc Strasbourg
47%
Air Arabia Basel/Mulhouse
45%
TUI fly Belgium Rotterdam
45%
Royal Air Maroc Yaoundé
45%
Royal Air Maroc Cotonou
43%
Royal Air Maroc Libreville
43%
Royal Air Maroc Monrovia (Roberts)
43%
Royal Air Maroc Bangui
42%
Royal Air Maroc Bissau
42%
Royal Air Maroc Laayoune
42%
Royal Air Maroc São Paulo (Guarulhos)
42%
Royal Air Maroc Express Tétouan
42%
Royal Air Maroc Douala
40%
Air Arabia Pisa
38%
Air Arabia/Royal Air Maroc Catania
36%
Royal Air Maroc Express Ouarzazate
36%
Royal Air Maroc Praia
36%
Air Arabia Bergamo
34%
Royal Air Maroc Malabo
34%
Royal Air Maroc Express Al Hoceima
28%
Mauritania Airlines Nouadhibou
17%
Royal Air Maroc Errachidia
15%
Royal Air Maroc Express Zagora
11%
Air Arabia Cuneo
6%
No matching quizzes found
Score Distribution
Percent of People with Each Score
Percentile by Number Answered
Your Score History
You have not taken this quiz since the last reset